Statistics for Name all of the UN SID's

Click here to take the quiz!

General Stats

  • This quiz has been taken 6 times
  • The average score is 47 of 61

Answer Stats

Answer% Correct
American Samoa
100%
Antigua and Barbuda
100%
Bahamas
100%
Barbados
100%
Cabo Verde
100%
Comoros
100%
Fiji
100%
French Polynesia
100%
Kiribati
100%
Maldives
100%
Marshall Islands
100%
Mauritius
100%
Micronesia
100%
Palau
100%
Samoa
100%
Sao Tome and Principe
100%
Seychelles
100%
Solomon Islands
100%
St Kitts and Nevis
100%
St Lucia
100%
St Vincent and the Grenadines
100%
Vanuatu
100%
Anguilla
80%
Bermuda
80%
Dominica
80%
Falkland Islands
80%
Guadeloupe
80%
Guam
80%
Guyana
80%
Haiti
80%
Jamaica
80%
Martinique
80%
Nauru
80%
Papua New Guinea
80%
Puerto Rico
80%
Singapore
80%
Tonga
80%
Trinidad and Tobago
80%
Tuvalu
80%
Aruba
60%
Bahrain
60%
British Virgin Islands
60%
Cayman Islands
60%
Cook Islands
60%
Cuba
60%
Curacao
60%
Dominican Republic
60%
Grenada
60%
Guinea-Bissau
60%
Montserrat
60%
Niue
60%
Saint Helena
60%
Suriname
60%
Timor-Leste
60%
Turks and Caicos Islands
60%
Belize
40%
New Caledonia
40%
Sint Maarten
40%
South Georgia and the South Sandwich Islands
40%
US Virgin Islands
40%
Northern Marianas
20%

Score Distribution

Percentile by Number Answered

Percent of People with Each Score

Your Score History

You have not taken this quiz